000 00508nam a2200181Ia 4500
008 220531s9999 xx 000 0 und d
041 _amar
082 _bSUR
100 _aसूर्यवंशी, अभिमन्यू
_978320
245 _aशेतकरी जेव्हा जागा होतो
250 _a1ST
260 _aPune
_bSamkalin
_c2014
300 _a112
542 _d31-03-2017
650 _aGeneral
_978321
906 _d2016-2017
_f10358
999 _c43403
_d43403